Vývoj regionalizmu v Latinskej Amerike

Integrácia má v Latinskej Amerike historicky veľký význam. Procesy s ňou spojené sa výraznejšie začali rozvíjať v druhej polovici 20. storočia. Starý regionalizmus šesťdesiatych a sedemdesiatych rokov 20. storočia má takmer výlučne ekonomický charakter a je spojený s protekcionistickými opatreniami...

Description complète

Enregistré dans:
Détails bibliographiques
Auteur principal: Šabo, Marián
Format: Chapitre de livre
Langue:slovaque
Sujets:
Tags: Ajouter un tag
Pas de tags, Soyez le premier à ajouter un tag!

MARC

LEADER 00000nla a2200000 4500
001 0166075
005 20240502072907.4
041 0 |a slo 
044 |a SK 
245 1 0 |a Vývoj regionalizmu v Latinskej Amerike  |c Marián Šabo 
520 |a Integrácia má v Latinskej Amerike historicky veľký význam. Procesy s ňou spojené sa výraznejšie začali rozvíjať v druhej polovici 20. storočia. Starý regionalizmus šesťdesiatych a sedemdesiatych rokov 20. storočia má takmer výlučne ekonomický charakter a je spojený s protekcionistickými opatreniami a s politikou substitúcie dovozu. Po skončení studenej vojny sa začal rozvíjať nový regionalizmus, ktorý má multidimenzionálny aspekt a v rámci ktorého došlo k rozšíreniu spolupráce aj do iných ako ekonomických oblastí. V deväťdesiatych rokoch 20. storočia sa rozvíjal v podobe otvoreného regionalizmu, ktorý vychádzal zo zásad Washingtonského konsenzu. Na začiatku 21. storočia však boli pre mnohé nedostatky tieto odmietnuté a začína sa rozvíjať postliberálny regionalizmus, ktorý posúva latinskoamerickú integráciu kvalitatívne dopredu, no musí sa vysporiadať s mnohými komplikáciami globalizovaného sveta. 
610 2 0 |a vzťahy medzinárodné 
610 2 0 |a regionalistika 
610 2 0 |a integrácia regionálna 
610 2 0 |a Latinská Amerika 
610 2 0 |a história 
100 1 |a Šabo, Marián